Los Jesuítas en Colombia / (Record no. 113746)

MARC details
000 -LEADER
campo de control de longitud fija 00435nam a2200145 4500
001 - NÚMERO DE CONTROL
campo de control 113746
003 - IDENTIFICADOR DE NÚMERO DE CONTROL
campo de control ES-MaACL
007 - CAMPO FIJO DE DESCRIPCIÓN FÍSICA--INFORMACIÓN GENERAL
campo de control de longitud fija t|
008 - DATOS DE LONGITUD FIJA--INFORMACIÓN GENERAL
campo de control de longitud fija 061121s1962 ck r ||||1| spa d
100 1# - ENTRADA PRINCIPAL--NOMBRE DE PERSONA
Nombre de persona Pacheco, Juan Manuel.
9 (RLIN) 88125
245 14 - MENCIÓN DEL TÍTULO
Título Los Jesuítas en Colombia /
Mención de responsabilidad, etc. Juan Manuel Pacheco, S. J.
260 ## - PUBLICACIÓN, DISTRIBUCIÓN, ETC.
Lugar de publicación, distribución, etc. Bogotá :
Nombre del editor, distribuidor, etc. [s.n.,
Fecha de publicación, distribución, etc. 1962 (
Fabricante Burgos : hijos de Santiago Rodríguez])
300 ## - DESCRIPCIÓN FÍSICA
Extensión 542 p. ;
Dimensiones 25 cm.
852 ## - LOCALIZACIÓN
Ubicación ES-MaACL
Número de control de estantería E-3975
Holdings
Estatus retirado Estado de pérdida Estado de daño No para préstamo Biblioteca de origen Biblioteca actual Ubicación en estantería Fecha de adquisición Fuente de adquisición Total de préstamos Signatura topográfica completa Código de barras Visto por última vez Precio de reemplazo Tipo de ítem Koha
        Biblioteca del Ateneo de Madrid Biblioteca del Ateneo de Madrid Depósito 2 17/01/2008     E-3975 1118629 23/02/2023 23/02/2023 Libro impreso